000 00380nam a22001697a 4500
005 20180530115223.0
008 160621b xxu||||| |||| 00| 0 eng d
020 _a978-0-07-008327-1
041 _aeng
082 _b8787
_a519.5
100 _aDas,N.G
_92416
245 _aStatistical Methods
260 _bTMH
_c2008
300 _a783
650 _aManagement
_9241
942 _cBK
999 _c3419
_d3418